Many Countries by an Historical Flag - Statistics

General Stats
  • This quiz has been taken 97 times
    81 since last reset
  • The average score is 67 of 116
Answer Stats
Picture Hint Answer % Correct
1901-03 Australia
96%
1941-74 Ethiopia
92%
1954-65 Maldives
92%
1912-28 China
90%
1871-1918 Germany
90%
1928-80 Poland
90%
1776-77 USA
90%
1932-58, 61-63 Syria
88%
1961-75 Cameroon
84%
1948-51 Sri Lanka (as Ceylon)
84%
1962-2001 Rwanda
82%
1985-86 Philippines
80%
1920-43 Lebanon
78%
1844-1936 Turkey (mostly as Ottoman Empire)
78%
1971-72 Bangladesh
76%
1949-56 Bhutan
76%
1945 Korea (North and South)
76%
1856-1930 Nepal
76%
1938-73 Saudi Arabia
76%
1707-1801 UK (as Great Britain)
76%
1934-39 Albania
73%
1870-1889 Brazil
73%
1906-59 Brunei
73%
1966-67 Burundi
73%
1916-34 Mexico
73%
1575-97/1630 Netherlands
73%
1936-49 Qatar
73%
1863-1905 Venezuela
73%
1835-50 Argentina
71%
1921-57 Canada
71%
1971-97 Democratic Republic of the Congo (as Zaire)
71%
Before 1789 France
71%
1949-56 Hungary
71%
1880-1947 India/Pakistan (as British India)
71%
1959-2017 Mauritania
71%
1931-39 Spain
71%
1830-31 Belgium
69%
1979-89 Cambodia (as People's Republic of Kampuchea)
69%
1894-1902 Eswatini
69%
1822-1970, 75-78 Greece
69%
1977-2011 Libya
69%
1822-25 Peru
69%
1830-1910 Portugal
69%
1928-94 South Africa
69%
1844-1905 Sweden
69%
1798-1803 Switzerland (as Helvetic Republic)
69%
1964-80 Iran
67%
1542-1801 Ireland (as Kingdom in personal union with England/Great Britain)
67%
1843-1916 Thailand
67%
1949-75 Vietnam (only South)
67%
1805-67 Austria
65%
1921-37 Liechtenstein
65%
2010-12 Malawi
65%
1975-83 Mozambique
65%
1948-74 Burma/Myanmar
63%
1959-61 Mali
63%
1992-95 North Macedonia
63%
1968-79 Zimbabwe (as Rhodesia)
63%
1990-2004 Georgia
61%
1839-66 Honduras
61%
1858-96 Russia
61%
1895 Taiwan (as Republic of Formosa)
61%
1991-95 Belarus
59%
1952-75 Laos
59%
1814-21 Norway
59%
1922-53 Egypt
57%
1991-99 Kosovo (as self-declared Republic of Kosova)
57%
1940-45 Mongolia
57%
1949-91 Ukraine (as member of USSR)
57%
1992-98 Bosnia and Herzegovina
53%
1959-60 Gabon
53%
1964-66 Ghana
51%
1987-2006 Lesotho
51%
1346-1859 Moldova (as Principality of Moldavia)
51%
1961-64 Tanzania (as Tanganyika)
51%
754?-1808 Vatican City (as Papal States)
51%
1970-91 Republic of the Congo (then People's Republic)
49%
1975-90 Benin
47%
1959-63 Iraq
47%
1927-62/70 Yemen (only North)
47%
1258-1659 Morocco
45%
1978-80 Afghanistan
43%
1877-1912 El Salvador
43%
1952-62 Eritrea (in Ethiopian-Eritrean Federation)
43%
1959-84 Burkina Faso (as Upper Volta)
41%
1804-06, 1964-86 Haiti (including as First Empire)
41%
1977-96 Seychelles
41%
1820-1971 United Arab Emirates (as Trucial States)
41%
1293-1527 Indonesia (as Majapahit Empire)
39%
1856-1970 Oman
39%
1465-1797 San Marino
39%
1914-62 Uganda
39%
1978-92 Comoros
37%
1800s-1868 Japan (as Tokugawa Shogunate)
37%
1835-40 New Zealand (as United Tribes of New Zealand)
37%
1959-75 Suriname
37%
1956-70 Sudan
35%
1802-05 Italy (as the Napoleonic Italian Republic)
33%
1952-80 Vanuatu (as New Hebrides)
33%
1921-63 Kenya
31%
1975-92 Cape Verde
29%
1965-78 Dominica
29%
1787-1885 Madagascar (as Merina Kingdom)
29%
1812-14 Chile
27%
1952-59 Singapore
27%
1939-64 Zambia (as Northern Rhodesia)
27%
1919-81 Belize (as British Honduras)
24%
1300s Bulgaria (as Second Bulgarian Empire)
24%
1845-60 Ecuador
24%
1821-1920 Estonia (as Russian Governorate)
24%
1967-74 Grenada
24%
1958-59 Senegal (as French Senegal)
24%
1826-51 Bolivia
22%
1516-1830 Algeria (as Ottoman Algeria)
20%
1826-42 Paraguay
16%
1858-71 Guatemala
14%
No matching quizzes found
Score Distribution
Percent of People with Each Score
Percentile by Number Answered
Your Score History
You have not taken this quiz since the last reset